00672nam a2200241 a 4500001001300000003000900013005001700022008004100039020001000080082001900090100001700109245004600126260003800172300000900210500003500219505001200254650001800266700001700284902000800301942000700309952009900316999001500415nice12345678IN_TiNIC20260116011527.0050524s1932 ista grs 000 0 trg  ac10000a220.9505bBUN2 aBunyan, John aHacc Yolunda. Pilgrim`s Progress, Turkish aIstanbulbSelamet Matbaasi.c1932 a461p aincludes index and biblioraphy2 aTurkish aBible Stories1 aBunyan, John bSRS cPS 00104070aHMIbHMId2007-06-18g100.00l0o220.9505 BUN2p2082r2007-06-18w2026-01-16yARB c2320d2320